00541nam a22001937a 450000500170000001000110001702000100002803500110003803700160004904000120006508200150007710000260009224500580011824600060017626000460018227000570022830000260028565000360031120170124110243.0 a965869 c00.00 a965869 bCen Lib/Ret aDPLbEN a413.8bMAC aMacdonell, Arthur A.  aSanskrit english dictionary /cby Arthur A. Macdonell b  aNew Delhi bAward Publishing House c1979 bNew Delhi a2/44-B, Ansari road, Dariyaganj e110002 axi, 3841p. c28cm(Hb) aSanskrit-english -- Dictionary